120->Katowice Andrzeja Dworzec - Statystyki

Ogólne statystyki
  • Ten quiz został rozwiązany 3 razy
  • Średni wynik to 21 z 47
Statystyki odpowiedzi
Miasto Przystanek % Poprawnych
Katowice Katowice AWF
100%
Mikołów Borowa Wieś Strażacka
67%
Mikołów Borowa Wieś Świetlica
67%
Mikołów Borowa Wieś Szkoła
67%
Ruda Śląska Halemba Park Wodny
67%
Ruda Śląska Halemba Solidarności
67%
Katowice Katowice Andrzeja Dworzec
67%
Katowice Katowice Mikołowska
67%
Katowice Katowice Mikołowska Sąd
67%
Katowice Katowice Osiedle Kopalni Wujek
67%
Knurów Knurów Centrum Przesiadkowe Szpitalna
67%
Ruda Śląska Kochłowice Park Pamięci
67%
Ruda Śląska Kochłowice Rynek
67%
Gierałtowice Paniówki Rogatka
67%
Gierałtowice Paniówki Skrzyżowanie
67%
Gierałtowice Przyszowice Droga do Brzegu
67%
Gierałtowice Przyszowice Kościół
67%
Knurów Szczygłowice Centrum Przesiadkowe
67%
Mikołów Wygoda Skrzyżowanie
67%
Chorzów Chorzów Batory Szyb Kleofas
33%
Gierałtowice Gierałtowice Granica
33%
Gierałtowice Gierałtowice Kościół
33%
Gierałtowice Gierałtowice Skrzyżowanie
33%
Ruda Śląska Halemba Grunwald
33%
Ruda Śląska Halemba Kopalnia
33%
Ruda Śląska Halemba Most
33%
Ruda Śląska Halemba Orzeszkowej
33%
Ruda Śląska Halemba Panewnicka
33%
Ruda Śląska Halemba Żytnia
33%
Knurów Knurów Dworcowa
33%
Knurów Knurów Kosmonautów
33%
Knurów Knurów Poczta
33%
Knurów Knurów Remiza
33%
Knurów Knurów Rybna
33%
Knurów Knurów Wojska Polskiego
33%
Ruda Śląska Kochłowice Kalinowa
33%
Ruda Śląska Kochłowice Szkoła
33%
Ruda Śląska Kochłowice Szyb Radoszowy
33%
Knurów Krywałd Stadion
33%
Gierałtowice Przyszowice Przejazd Kolejowy
33%
Knurów Szczygłowice Kopalnia
33%
Knurów Szczygłowice Skrzyżowanie
33%
Gierałtowice Gierałtowice Wyzwolenia
0%
Knurów Knurów Kino
0%
Knurów Knurów Urząd Miasta
0%
Knurów Krywałd Michalskiego
0%
Knurów Krywałd Zacisze
0%
Nie znaleziono quizów pasujących do podanych kryteriów
Rozkład punktacji
Procent ludzi z każdym wynikiem
Percentyl według liczby udzielonych odpowiedzi
Twoja historia wyników
Nie rozwiązałeś tego quizu